| 000 | 00464nam a2200193Ia 4500 | ||
|---|---|---|---|
| 005 | 20250423095326.0 | ||
| 008 | 250422s9999 xx 000 0 und d | ||
| 020 | _a978-0-470-46644-5 | ||
| 050 | _aQA 152.3 .K56/ | ||
| 100 | _aLinda Almgren Kime | ||
| 245 | 0 | _aExplorations in College Algebra | |
| 250 | _aFifth Edition | ||
| 260 | _aUSA | ||
| 260 | _bJohn Wiley & Sons, Inc. | ||
| 260 | _c2011 | ||
| 300 | _a621 p | ||
| 650 | _aMathmatics | ||
| 942 | _cBK | ||
| 999 |
_c29931 _d29931 |
||